| 000 | 00664nam a2200229 a 4500 | ||
|---|---|---|---|
| 001 | 63231 | ||
| 003 | BD-RjUL | ||
| 005 | 20211209081155.0 | ||
| 008 | 170129s1952 enk||||| |||| 00| 0 eng d | ||
| 035 | _a(BD-RjUL)63360 | ||
| 040 |
_aBD-RjUL _beng _cBD-RjUL |
||
| 041 | _aeng | ||
| 082 |
_223 _a821.3 _bMIP V-1 1952 |
||
| 100 |
_aMilton, John _9186681 |
||
| 245 |
_aThe Political Works of John Milton / _cJohn Milton ; Helen Darbishire |
||
| 260 |
_aOxford : _bAt the clarendon press, _c1952. |
||
| 300 |
_aV. _c24 cm. |
||
| 505 | _aV. 1 Paradise Lost -- | ||
| 600 |
_aMilton, John _d 1608-1674 _9185818 |
||
| 700 |
_aDarbishire, Helen _9188199 |
||
| 942 |
_2ddc _cBK |
||
| 999 |
_c63231 _d63231 |
||